000 00666nam a2200277Ia 4500
005 20260324121657.0
008 008 260324s9999 xx 000 0 eng d
020 _a9780203083161
037 _aEBOOK
040 _aCRL
040 _beng
040 _cCRL
041 _2eng
041 _aeng
084 _qCRL
100 _aPeter J. Howland
_91140993
245 0 _aSocial, Cultural and Economic Impacts of Wine in New Zealand.
260 _bTaylor and Francis
260 _c2014
365 _a
365 _b255
856 _uhttp://www.taylorfrancis.com/books/9780203083161
942 _cEBOOK
999 _c1755699
_d1755699